Normal view
MARC view
- Abdus Samad Saad Imran Khattak
Entry Personal Name
001 - CONTROL NUMBER
- control field: 119560
003 - CONTROL NUMBER IDENTIFIER
- control field: NUST
005 - DATE AND TIME OF LATEST TRANSACTION
- control field: 20231207174445.0
008 - FIXED-LENGTH DATA ELEMENTS
- fixed length control field: 231207|| aca||aabn | a|a d
040 ## - CATALOGING SOURCE
- Original cataloging agency: NUST
- Transcribing agency: NUST
100 ## - HEADING--PERSONAL NAME
- Personal name: Abdus Samad Saad Imran Khattak
670 ## - SOURCE DATA FOUND
- Source citation: Work cat.: (NUST): Abdus Samad Saad Imran Khattak, PR-SOF-2237-RFID-Based Security System for Automobiles, 2023.
